| 000 | 004919080a2200169 4500 | ||
|---|---|---|---|
| 005 | 20140412111305.0 | ||
| 008 | 140211s1987 xx 000 0 und d | ||
| 020 | _a0-86163-790-9 | ||
| 050 |
_aTR(PS E _bJa12 1984 |
||
| 245 |
_aJack and the beanstalk / _cillustrated by Suzy-Jan Tanner. |
||
| 260 |
_aLondon : _bAward Publications Limited, _c1987. |
||
| 300 | _a1v. (unp.) ; ill. | ||
| 440 | _aRead Along With Me | ||
| 650 | _aChildren's stories | ||
| 650 | _aFolktales | ||
| 999 |
_c103633 _d103633 |
||